Principles of dynamics / (Record no. 9189)
[ view plain ]
| 000 -LEADER | |
|---|---|
| fixed length control field | 00656cam a2200229I 4500 |
| 001 - CONTROL NUMBER | |
| control field | 9189 |
| 003 - CONTROL NUMBER IDENTIFIER | |
| rucl marc code | BD-RjUL |
| 005 - DATE AND TIME OF LATEST TRANSACTION | |
| control field | 20211208234731.0 |
| 008 - FIXED-LENGTH DATA ELEMENTS--GENERAL INFORMATION | |
| fixed length control field | 200114s1960 ilua 000 0 eng d |
| 035 ## - SYSTEM CONTROL NUMBER | |
| System control number | BD-RjUL |
| 040 ## - CATALOGING SOURCE | |
| Original cataloging agency | TOL |
| Transcribing agency | TOL |
| Modifying agency | UNH |
| -- | OCLCQ |
| -- | BD-RjUL |
| Language of cataloging | eng |
| 041 ## - LANGUAGE CODE | |
| Language code of text/sound track or separate title | eng |
| 082 ## - DEWEY DECIMAL CLASSIFICATION NUMBER | |
| Edition number | 23 |
| Classification number | 531.11 |
| Author mark and year | GLP 1971 |
| 100 1# - MAIN ENTRY--PERSONAL NAME | |
| Personal name | Glauert, M. B. |
| 9 (RLIN) | 28509 |
| 245 10 - TITLE STATEMENT | |
| Title | Principles of dynamics / |
| Statement of responsibility, etc. | By M. B. Glauert. |
| 260 ## - PUBLICATION, DISTRIBUTION, ETC. (IMPRINT) | |
| Place of publication, distribution, etc. | Glencoe, Ill. : |
| Name of publisher, distributor, etc. | Free Press, |
| Date of publication, distribution, etc. | c1960 [reprinted 1971]. |
| 300 ## - PHYSICAL DESCRIPTION | |
| Pagination | 80 p. : |
| Illustrations | ill.; |
| Size | 19 cm. |
| 490 1# - SERIES STATEMENT | |
| Series statement | Library of mathematics. |
| 650 #0 - SUBJECT ADDED ENTRY--TOPICAL TERM | |
| Topical term or geographic name as entry element | Dynamics. |
| 9 (RLIN) | 28510 |
| 830 #0 - SERIES ADDED ENTRY--UNIFORM TITLE | |
| Uniform title | Library of mathematics. |
| 942 ## - ADDED ENTRY ELEMENTS (KOHA) | |
| Source of classification or shelving scheme | Dewey Decimal Classification |
| Koha item type | Books |
| Lost status | Source of classification or shelving scheme | Damaged status | Not for loan | Collection code | Permanent Location | Current Location | Shelving location | Date acquired | Source of acquisition | Cost, normal purchase price | Total Checkouts | Full call number | Date last seen | Copy number | Koha item type |
|---|---|---|---|---|---|---|---|---|---|---|---|---|---|---|---|
| Dewey Decimal Classification | Non-fiction | Central Library, University of Rajshahi | Central Library, University of Rajshahi | 23/02/1976 | Bangladesh Book Inter. | 4.00 | 531.11 GLP 1971 | 20/01/2014 | C-2 | Books | |||||
| Dewey Decimal Classification | Not For Loan | Non-fiction | Central Library, University of Rajshahi | Central Library, University of Rajshahi | Reading Room | 23/02/1976 | Bangladesh Book International Ltd. | 4.00 | 531.11 GLP 1971 | 08/05/2017 | C-1 | Books |